000 00321nam a22001337a 4500
008 181221b xxu||||| |||| 00| 0 eng d
020 _a405060336
041 _aeng
080 _a201
100 _a24
101 _aTEO
245 _aReligion and the Radical Republican Movement 1860-1870
_cHoward, V.B
942 _2udc
_cBK
999 _c53599
_d53599